Quiz sur le Var - Statistiques

Statistiques générales
  • Ce quiz a été pris 4 769 fois
  • Le résultat moyen est 11 sur 18
Statistiques - réponses
Question Réponse % Correct
Région dans laquelle il se situe Provence-Alpes-Côte d'Azur
98%
Numéro du département 83
97%
Préfecture et ville la plus peuplée Toulon
94%
Commune touristique dont l'un des gendarmes a été interprété par De Funès Saint-Tropez
86%
Canyon qui est un site naturel protégé du Var très prisé par les touristes Gorges du {Verdon}
76%
Le fleuve Var ne se situe en réalité pas dans le Var. Dansquel département peut-on trouver son embouchure ? Alpes-Maritimes
71%
Ville au centre d'une agglomération comprenant notamment Saint-Raphaël Fréjus
68%
Département avec lequel le Var partage une frontière...mais sur quelques centaines de mètres seulement Vaucluse
67%
Station balnéaire de 55 069 habitants connue pour ses 7000 palmiers Hyères
66%
Cette ville administre plusieurs ____, dont celle de Porquerolles Îles
62%
Sport dans lequel s'est illustré le varois Christophe Dominici, disparu en 2020 Rugby
59%
Celle-ci abrite la plus grande ___ ____ de France, devant Brest et Cherbourg Base navale
55%
Sous-préfecture qui était le chef-lieu du département jusqu'en 1974 Draguignan
51%
Deuxième plus grande ville du département, dans la banlieue de la préfecture La Seyne-sur-Mer
40%
Seule autre sous-préfecture, « capitale de la Provence Verte » Brignoles
31%
Ville de la réponse précédente qui était auparavant préfecture du Var Grasse
27%
Plus long fleuve du département, qui se jette dans cette ville Argens
21%
Médecin et homme politique, connu comme le « premier flic de France »,qui fut « l'homme qui affronte l'épidémie » de choléra dans le Var en 1884 Georges Clemenceau
15%
Aucun quiz correspondant
Distribution des résultats
% des personnes avec chaque résultat
Percentile par nombre de réponses
Votre historique - résultats
Vous n’avez pas pris ce quiz